000 01044nam a2200265 i 4500
001 8778
003 KOSZ 005
005 20220527093144.0
008 080312s1967 pl a f 000 0 pol
015 _aPB 1967/9454
040 _aWA N
_cKOSZ 005/RW
_dKOSZ 005/RW
080 _a371
100 1 _aSuchodolski, Bogdan
_d(1903-1992)
_eAutor
245 1 0 _aRola wychowania w społeczeństwie socjalistycznym /
_cBogdan Suchodolski.
260 _aWarszawa :
_bPaństwowe Zakłady Wydawnictw Szkolnych,
_c1967.
300 _a267, [1] s., [14] k. tabl. :
_bil. ;
_c23 cm.
380 _aKsiążki.
490 1 _aBiblioteka Nauczyciela. A, Ogólne Podstawy Wychowania
_v5.
504 _aBibliogr. s. 265-[268].
650 4 _aWychowanie socjalistyczne
710 2 _aPaństwowe Zakłady Wydawnictw Szkolnych
_4pbl.
830 0 _aBiblioteka Nauczyciela.
_nA,
_pOgólne Podstawy Wychowania
_v5.
856 _uhttp://koha.tu.koszalin.pl/cgi-bin/koha/opac-detail.pl?biblionumber=8778
_yKatalog online BPK
942 _2UKD
_cKS
999 _c8778
_d8778